Statistiken für Märchen und Geschichten Quiz - Schwer #1

Klicken Sie hier um das Quiz zu spielen!

Allgemein

  • Dieses Quiz wurde 115 mal gespielt
  • Das Durchschnittsergebnis liegt bei 6 aus 20

Antwortstatistiken

FrageAntwort% Korrekt
Aus welcher Himmelsrichtung kommt die Böse Hexe aus "Der Zauberer von Oz"?Westen
86%
Was hat Hänsel der Hexe statt seines Fingers herausgestreckt?Knöchelchen
84%
Wie hieß der Magier von König Artus?Merlin
75%
Welcher Zauberer in "Harry Potter" hat ein magisches Auge?Alastor Moody
55%
Wo ist in der Walpurgisnacht der Hexensabbat?Blocksberg
51%
Was ist die Silberbüchse von Winnetou?Gewehr
44%
Wie heißt der Schöpfer von Pinocchio?Geppetto
34%
In welcher Geschichte gibt es eine Schildkröte mit Leuchtbuchstaben auf dem Rücken?Momo
33%
Aus welchem Material bestehen die Betten der Kinder bei Frau Mahlzahn?Stein
24%
Wer schrieb die Abenteuer des "Robinson Crusoe"?Daniel Defoe
22%
Von welchem Monster wird Percy Jacksons Mutter in "Diebe im Olymp" in die Unterwelt entführt?Minotaurus
22%
Wen nannte man den Lügenkaiser?Baron Münchhausen
20%
Welchen Namen gab Bastian in der "Unendlichen Geschichte" der Kindlichen Kaiserin?Mondenkind
18%
Welche Haarfarbe hat Rapunzel?Golden
17%
Wie heißt der Engländer, der in 80 Tagen um die Welt reist?Phileas Fogg
17%
Wie heißt der Faun, dem die Pevensie-Kinder in "Der König von Narnia" begegnen?Herr Tumnus
14%
Mit welchen Pferden sind die Schildbürger in den Kampf gezogen?Steckenpferde
8%
Wo gibt es Donnermann, Windliese, Wolkenfrau und Blitzhexe?Peterchens Mondfahrt
5%
Wohin brachte Räuber Hotzenplotz seine Waffen?Sumpf
1%
Wie heißt das zweite Land, das von Gulliver bereist wird?Brobdingnag
0%

Verteilung der Resultate

Perzentil nach korrekt beantworteten Fragen

Anzahl Personen mit jedem Resultat

Ihre Resultats-Entwicklung

Sie haben dieses Quiz noch nicht gespielt